Hydrodynamic stability (Record no. 76271)
[ view plain ]
| 000 -LEADER | |
|---|---|
| fixed length control field | 00567nam a2200133 a 4500 |
| 008 - FIXED-LENGTH DATA ELEMENTS--GENERAL INFORMATION | |
| fixed length control field | 120416s0000 xx |||||||||||||| || u |
| 020 ## - INTERNATIONAL STANDARD BOOK NUMBER | |
| International Standard Book Number | 0521289807 |
| 050 ## - LIBRARY OF CONGRESS CALL NUMBER | |
| Classification number | QA 912 Dra |
| 100 ## - MAIN ENTRY--PERSONAL NAME | |
| Personal name | Drazin, P. G |
| 245 10 - TITLE STATEMENT | |
| Title | Hydrodynamic stability |
| 350 ## - | |
| -- | 0.00 |
| 995 ## - | |
| -- | ANNEX COLLECTION (Main Library) |
| -- | 0.00 |
| -- | 025904 |
| -- | CBU-MAIN LIBRARY (Kitwe) |
| -- | 2 |
| -- | 22.95 |
| -- | QA 912 Dra |
| -- | AVAILABLE |
| -- | 025904 |
| -- | Annex Low-Usage Collection |
| 995 ## - | |
| -- | ANNEX COLLECTION (Main Library) |
| -- | 0.00 |
| -- | 025872 |
| -- | CBU-MAIN LIBRARY (Kitwe) |
| -- | 1 |
| -- | 22.95 |
| -- | QA 912 Dra |
| -- | AVAILABLE |
| -- | 025872 |
| -- | Annex Low-Usage Collection |
| 999 ## - | |
| -- | 76271 |
| -- | 76271 |
| Withdrawn status | Lost status | Source of classification or shelving scheme | Damaged status | Not for loan | Permanent Location | Current Location | Shelving location | Date acquired | Total Checkouts | Full call number | Barcode | Date last seen | Copy number | Price effective from | Koha item type |
|---|---|---|---|---|---|---|---|---|---|---|---|---|---|---|---|
| CBU-MAIN LIBRARY, KITWE. | CBU-MAIN LIBRARY, KITWE. | 04/25/2023 | QA 912 Dra | 025904 | 04/25/2023 | 1 | 04/25/2023 | MONOGRAPH | |||||||
| CBU-MAIN LIBRARY, KITWE. | CBU-MAIN LIBRARY, KITWE. | 04/25/2023 | QA 912 Dra | 025872 | 04/25/2023 | 2 | 04/25/2023 | MONOGRAPH |